| 000 | 01586nam a2200493 a 4500 | ||
|---|---|---|---|
| 999 |
_c394 _d394 |
||
| 001 | 015572570 | ||
| 003 | UkOxU | ||
| 005 | 20190809091858.0 | ||
| 008 | 030905r20032002enk 001 0 eng d | ||
| 015 | _aGB A3-Y4185 | ||
| 020 | _a0141004398 | ||
| 020 | _a9780141004396 | ||
| 035 | _aBNB2734.632 | ||
| 040 |
_aBDS _cKH8 |
||
| 082 | 0 |
_a821.009 FEN _221 |
|
| 100 | 1 |
_aFenton, James, _d1949- _eauthor |
|
| 245 | 1 | 3 |
_aAn introduction to English poetry / _cJames Fenton. |
| 260 |
_aLondon : _bPenguin, _c2003. |
||
| 300 |
_a137 p. ; _c20 cm. |
||
| 500 | _aOriginally published: London : Viking, 2002. | ||
| 500 | _aIncludes index. | ||
| 650 | 0 |
_aEnglish poetry _xHistory and criticism. |
|
| 942 |
_2ddc _cNFIC |
||